Masculinity and nationalism: gender and sexuality in the marking of nations
Shranjeno v:
| Glavni avtor: | |
|---|---|
| Korporativna značnica: | |
| Format: | Texto |
| Izdano: |
Kansas:
University of Kansas
|
| Teme: | |
| Oznake: |
Označite
Brez oznak, prvi označite!
|
MARC
| LEADER | 00000 a a2200000 04500 | ||
|---|---|---|---|
| 001 | 32817 | ||
| 003 | |||
| 040 | |||
| 090 | |a 204500 | ||
| 100 | |a Nagel, Joane | ||
| 110 | |a University of Kansas | ||
| 245 | |a Masculinity and nationalism: gender and sexuality in the marking of nations | ||
| 260 | |a Kansas: |b University of Kansas | ||
| 300 | |a pp. 1-27 | ||
| 500 | |a Publicado en: Ethnic and Racial Studies, n° 21 1998 | ||
| 650 | |a MASCULINIDAD | ||
| 650 | |a GENERO | ||
| 650 | |a NACIONALISMO | ||
| 650 | |a SEXUALIDAD | ||
| 999 | |c 5371 |d 5371 | ||
